| 000 | 004900000a22001930004500 | ||
|---|---|---|---|
| 001 | 001701 | ||
| 003 | MACL | ||
| 005 | 20150915120348.0 | ||
| 008 | 150915b xxu||||| |||| 00| 0 eng d | ||
| 040 |
_aMACL _cMACL |
||
| 041 | _aEnglish | ||
| 082 | _a823/MUS | ||
| 100 |
_aRoychowdhury, Samir _910266 |
||
| 245 |
_aPostmodern Bangla Short stories 2002 _cSamir Roychowdhury |
||
| 260 |
_aKolkata _c2005 _bR.B Prokashan, |
||
| 350 | _a250 | ||
| 650 |
_aFiction _910984 |
||
| 942 |
_k823 _cBK _2ddc |
||
| 999 |
_c13619 _d13619 |
||